000 00383nam a2200157Ia 4500
999 _c31818
_d31818
003 OSt
005 20250616113338.0
008 250310s9999||||xx |||||||||||||| ||und||
020 _a0 09 941799 5
040 _c.
082 _a823
_bP994
100 _95995
_aPuzo, Mario
245 0 _aThe fortunate pilgrim /
_cMario Puzo
260 _aLondon :
_bArrow books,
_c1997.
942 _cBK
_2ddc